Las plantas compatibles en el huerto : cómo combinarlas para obtener una buena cosecha /

Guardado en:
Autor Principal: Riotte, Louise.
Formato: Libro
Idioma:Spanish
Publicado: Barcelona : Omega, 2012.
Etiquetas: Agregar Etiqueta
Sin Etiquetas, Sea el primero en etiquetar este registro!
LEADER 00904nam a22001575a 4500
001 EEA.libagro010655
005 20181011082237.0
008 160401s2012####sp#a##########000#0#spa#d
020 |a 9788428215725 
082 0 4 |a 635 
100 1 |a Riotte, Louise. 
245 1 0 |a Las plantas compatibles en el huerto :  |b cómo combinarlas para obtener una buena cosecha /  |c Louise Riotte. 
260 |a Barcelona :  |b Omega,  |c 2012. 
300 |a 226 p. :  |b il. ;  |c 23 cm. 
505 0 |a Introducción -- Hortalizas -- Hierbas aromáticas -- Plantas silvestres -- Césped, cereales y cultivos extensivos -- Primeros pasos para el cultivo de frutas -- Árboles de frutos secos -- Árboles y arbustos ornamentales -- Técnicas de jardinería -- Mejora del suelo -- Control de plagas -- Plantas venenosas -- Planes de cultivo -- Proveedores -- Lecturas recomendadas -- Índice alfabético. 
859 |a AR-BbBCA  |b BIB. AGRONOMIA  |h 635  |i R486  |p 2016/6660